000 00434nam a2200169Ia 4500
001 9297
003 IN-NITTTR
005 20251114233046.0
008 251113s9999||||xx |||||||||||||| ||eng||
040 _beng
040 _cIN-NITTTR
041 _aeng
082 _a658.31245 E33T
100 _aEngineering Industry Training Board.,
245 4 _aThe training of managers. /
_cEngineering Industry Training Board.
942 _2ddc
_cBK
999 _c11934
_d11934